Natural Fauna of Turkey - Statistics

General Stats
  • This quiz has been taken 38 times
  • The average score is 15 of 31
Answer Stats
Hint Order Answer % Correct
Carnivorans Panthera Lion
88%
Carnivorans Panthera Tiger
88%
Carnivorans Canis Wolf
88%
Carnivorans Panthera Leopard
85%
Carnivorans Hyaena Striped Hyena
81%
Carnivorans Ursus Brown Bear
77%
Rodents Castor Eurasian Beaver
69%
Even-toed Ungulates Camelus Dromedary
65%
Even-toed Ungulates Capra Wild Goat
62%
Lagomorphs Lepus European Hare
58%
Even-toed Ungulates Oryx Arabian Oryx
54%
Even-toed Ungulates Cervus Red Deer
54%
Carnivorans Acinonyx Cheetah
50%
Even-toed Ungulates Gazella Mountain Gazelle
50%
Proboscidea Elephas Asian Elephant
46%
Even-toed Ungulates Bos Aurochs
46%
Struthioniformes Struthio Ostrich
46%
Even-toed Ungulates Sus Wild Boar
46%
Carnivorans Canis Golden Jackal
42%
Odd-toed Ungulates Equus Tarpan
42%
Even-toed Ungulates Camelus Bactrian Camel
38%
Even-toed Ungulates Capreolus Roe Deer
38%
Odd-toed Ungulates Equus African Wild Ass
35%
Even-toed Ungulates Dama Fallow Deer
35%
Even-toed Ungulates Rupicapra Chamois
27%
Even-toed Ungulates Bos European Bison
27%
Rodents Hystrix Indian Porcupine
19%
Carnivorans Monachus Mediterranean Monk Seal
19%
Odd-toed Ungulates Equus Onager
19%
Even-toed Ungulates Capra West Caucasian Tur
12%
Bats Nyctalus Greater Noctule Bat
4%
No matching quizzes found
Score Distribution
Percent of People with Each Score
Percentile by Number Answered
Your Score History
You have not taken this quiz